000 00417nam a2200169Ia 4500
008 230524s9999 xx 000 0 und d
020 _a9789325960015
082 _a624.151363
_bPATRA
100 _aNihar Ranjan Patra
245 0 _aGround Improvement Techniques
250 _a2
260 _aNew Delhi
_bvikas
_c2016
300 _a"VIII,328p;"
500 _aQuantity Number: 25
650 _aCivil
942 _cBK
999 _c56554
_d56554